000 00634nam a2200241Ia 4500
003 OSt
005 20220925203122.0
006 a|||||r|||| 00| 0
007 ta
008 220923b |||||||| |||| 00| 0 eng d
020 _a070690317x
037 _cGeneral Book
040 _aRTL
_cRTL
_beng
041 _2eng
_aeng
082 _aV2.N7, L4
100 _aSingh Karan
_947773
245 0 _aTowards a new India
260 _aDelhi
_bVikas Publishing House Pvt India
_c1974
300 _axvi,175p.
_ccm.
650 _aIndian History
942 _hV2.N7, L4
_cGB
_2CC
999 _c545225
_d545225